| 000 | 00870nam a22002535a 4500 | ||
|---|---|---|---|
| 003 | OSt | ||
| 005 | 20170412144754.0 | ||
| 008 | 170410s2010 ua frb 000 0 ara d | ||
| 015 | _a2010 / 17707 | ||
| 020 | _a9789770465339 | ||
| 040 |
_aEG-ScBUE _bara _cEG-ScBUE |
||
| 043 | _af-ua--- | ||
| 082 | 0 | 4 |
_a355.8251150962 _bأ ب و _222 |
| 100 | 1 | _aأبو زيد، محمد. | |
| 245 | 1 | 2 |
_aالألغام ومخلفات الحرب في سيناء والعلمين / _cبقلم محمد أبو زيد. |
| 260 |
_aالقاهرة : _bدار النهضة العربية، _c2010. |
||
| 300 |
_a377 ص. ؛ _c24 سم. |
||
| 504 | _aيشتمل على إرجاعات ببليوجرافية. | ||
| 650 | 7 |
_aالألغام _zمصر _zمطروح. _2BUEsh |
|
| 650 | 7 |
_aالألغام _zمصر _zسيناء _2BUEsh |
|
| 651 | _2BUEsh | ||
| 653 |
_bLLAAWW _cApril2017 |
||
| 942 | _2ddc | ||
| 999 |
_c24654 _d24626 |
||